000 00801nam a2200289Ia 4500
003 OSt
005 20221007122519.0
006 a|||||r|||| 00| 0
007 ta
008 221006b |||||||| |||| 00| 0 eng d
020 _a9788184893939 (pbk)
024 _a106479
037 _cTextbook
040 _aPAPL
_cPAPL
_beng
041 _2eng
_aeng
082 _aCN30, P8;1-;2 Carpa
100 _aRadovanovic Voja
_9714157
245 0 _aProblem book in quantum field theory
250 _a2
260 _aBerlin
_bSpringer
_c2008
300 _ax, 243p.
_ccm.
500 _aReferences 239-240p.; Index 241-243p.
650 _a Quantum physics
650 _aPhysics
942 _hCN30, P8;1-;2 Carpa
_cTB
_2CC
999 _c1210484
_d1210484